Sémentické aspekty konceptualizace pracovní činnosti v německém jazyce
Sémantické aspekty pracovnej činnosti a ich spoločné rysy a odchýlky v nemeckom a českom jazyku.
Salvato in:
| Autore principale: | |
|---|---|
| Altri autori: | |
| Natura: | Capitolo di libro |
| Lingua: | ceco |
| Soggetti: | |
| Tags: |
Nessun Tag, puoi essere il primo ad aggiungerne!!
|
MARC
| LEADER | 00000naa a2200000 4500 | ||
|---|---|---|---|
| 001 | 0215759 | ||
| 005 | 20250930081647.8 | ||
| 041 | 0 | |a cze | |
| 044 | |a CZ | ||
| 245 | 1 | 0 | |a Sémentické aspekty konceptualizace pracovní činnosti v německém jazyce |c Jana Palmová, Andrey Artemov |
| 520 | |a Sémantické aspekty pracovnej činnosti a ich spoločné rysy a odchýlky v nemeckom a českom jazyku. | ||
| 610 | 2 | 0 | |a práca |
| 610 | 2 | 0 | |a čeština |
| 610 | 2 | 0 | |a nemčina |
| 610 | 2 | 0 | |a sémantika |
| 610 | 2 | 0 | |a frazeológia |
| 100 | 1 | |a Palmová, Jana | |
| 700 | 1 | |a Artemov, Andrey | |